Electric Power Distribution Engineering / (Record no. 355759)

000 -LEADER
fixed length control field 01293cam a2200349 i 4500
001 - CONTROL NUMBER
control field 11352115
003 - CONTROL NUMBER IDENTIFIER
control field USPCAS-E
005 - DATE AND TIME OF LATEST TRANSACTION
control field 20180118181412.0
006 - FIXED-LENGTH DATA ELEMENTS--ADDITIONAL MATERIAL CHARACTERISTICS
fixed length control field m d
007 - PHYSICAL DESCRIPTION FIXED FIELD--GENERAL INFORMATION
fixed length control field cr n
008 - FIXED-LENGTH DATA ELEMENTS--GENERAL INFORMATION
fixed length control field 140123s2014 flu sb 001 0 eng d
020 ## - INTERNATIONAL STANDARD BOOK NUMBER
International Standard Book Number 9781482207002 (hardcover : alk. paper)
035 ## - SYSTEM CONTROL NUMBER
System control number (WaSeSS)ssj0001180600
040 ## - CATALOGING SOURCE
Original cataloging agency DLC
Language of cataloging eng
Description conventions rda
Transcribing agency DLC
Modifying agency DLC
-- WaSeSS
050 #4 - LIBRARY OF CONGRESS CALL NUMBER
Classification number TK3001
Item number .G58 2014
082 00 - DEWEY DECIMAL CLASSIFICATION NUMBER
Classification number 621.319
Edition number 23
Author Mark GON-E 2014
100 1# - MAIN ENTRY--PERSONAL NAME
Personal name Gönen, Turan.
210 10 - ABBREVIATED TITLE
Abbreviated title Electric Power Distribution Engineering /
240 10 - UNIFORM TITLE
Uniform title Electric power distribution system engineering
245 10 - TITLE STATEMENT
Title Electric Power Distribution Engineering /
Statement of responsibility, etc. Turan Gönen.
250 ## - EDITION STATEMENT
Edition statement Third edition.
260 ## - PUBLICATION, DISTRIBUTION, ETC.
Place of publication, distribution, etc. London
Name of publisher, distributor, etc. CRC press
Date of publication, distribution, etc. 2014
500 ## - GENERAL NOTE
General note Revised edition of: Electric power distribution system engineering / Turan Gonen. 2008.
502 ## - DISSERTATION NOTE
Dissertation note 0
504 ## - BIBLIOGRAPHY, ETC. NOTE
Bibliography, etc. note Includes bibliographical references and index.
506 ## - RESTRICTIONS ON ACCESS NOTE
Terms governing access License restrictions may limit access.
650 #0 - SUBJECT ADDED ENTRY--TOPICAL TERM
Topical term or geographic name entry element Electric power distribution.
773 #0 - HOST ITEM ENTRY
Title Safari Technical Books (Current File)
856 40 - ELECTRONIC LOCATION AND ACCESS
Uniform Resource Identifier <a href="http://www.columbia.edu/cgi-bin/cul/resolve?clio11352115">http://www.columbia.edu/cgi-bin/cul/resolve?clio11352115</a>
Public note Full text available from Safari Technical Books (Current File)
910 ## - USER-OPTION DATA (OCLC)
User-option data Library of Congress record
942 ## - ADDED ENTRY ELEMENTS (KOHA)
Source of classification or shelving scheme
Koha item type Book
Holdings
Withdrawn status Lost status Source of classification or shelving scheme Damaged status Not for loan Collection code Permanent Location Current Location Shelving location Date acquired Source of acquisition Cost, normal purchase price Total Checkouts Full call number Barcode Date last seen Price effective from Koha item type Copy number
            US-Pakistan Center for Advanced Studies in Energy (USPCAS-E) US-Pakistan Center for Advanced Studies in Energy (USPCAS-E)   12/15/2015 Progressive 6475.00   621.319 GON-E 2014 CAS-E0000884 12/15/2015 12/15/2015 Book  
            US-Pakistan Center for Advanced Studies in Energy (USPCAS-E) US-Pakistan Center for Advanced Studies in Energy (USPCAS-E)   12/15/2015 Progressive 6475.00   621.319 GON-E 2014 CAS-E0000885 12/15/2015 12/15/2015 Book 2
© 2023 Central Library, National University of Sciences and Technology. All Rights Reserved.